Qué edificios históricos visitar en Londres - Estadísticas

Estadísticas generales
  • Esta prueba ha sido intentada 56 veces
  • La puntuación promedio es 2 de 5
Estadísticas de respuestas
Respuesta % Correcto
Big Ben
94%
Torre de Londres
35%
Palacio de Buckingham
25%
Abadía de Westminster
23%
Catedral de San Pablo
6%
No se encontraron pruebas coincidentes
Distribución de puntuación
Porcentaje de gente con cada puntuación
Porcentaje por número respondido
Historial de tus puntuaciones
No has intentado esta prueba.